000 00518nam a22002057a 4500
005 20170624102517.0
008 170624b xxu||||| |||| 00| 0 eng d
020 _a1851972375
040 _aLoreto College
041 _aEnglish
082 _a428
_bOWE
100 _aOwen,Roger
245 _aBBC business english
_cRoger Owen
260 _aLondon
_bBBC english
_c1992
300 _a208p.
_b26 cm
504 _aIncludes index and glossary
650 _aEnglish Grammer - Teacher
850 _aLCLIB
942 _cBK
999 _c41089
_d91568